Normal view MARC view

Entry Personal Name

Number of records used in: 2

001 - CONTROL NUMBER

  • control field: 46190

003 - CONTROL NUMBER IDENTIFIER

  • control field: dpl

005 - DATE AND TIME OF LATEST TRANSACTION

  • control field: 20120502120807.0

008 - FIXED-LENGTH DATA ELEMENTS

  • fixed length control field: 120502|||a|||||| | ||| d

040 ## - CATALOGING SOURCE

  • Original cataloging agency: dpl
  • Transcribing agency: dpl

100 ## - HEADING--PERSONAL NAME

  • Personal name: Saksena, Ajay

670 ## - SOURCE DATA FOUND

  • Source citation: Work cat.: (dpl): Singh, Indu 46189, Human rights in India and Pakistan /, 2004

670 ## - SOURCE DATA FOUND

  • Source citation: Work cat.: (dpl): Singh, Indu 46189, Human rights in India and Pakistan /, 2004

© Delhi Public Library
Hit Counter
free hit counter